Cultura Geral 11 - Statistics

Estatísticas Gerais
  • Esse quiz foi jogado 223 vezes
  • A pontuação média é 11 de 15
Estatísticas das Respostas
Hint Resposta % Correto
As pessoas de qual tipo sanguíneo são consideradas dadores universais? Tipo O
95%
Em que pais podemos encontrar a Torre de Pisa? Itália
94%
Como é chamada a energia gerada pela força do vento? Energia eólica
91%
Qual o nome do cientista que criou a teoria da gravidade? Isaac Newton
88%
Maior Rio em extensão territorial? Nilo
87%
Qual é o nome dado à força de atração que a Terra exerce sobre todos os corpos? Gravidade
85%
Em que pais americano ficavam os Incas? Peru
84%
Qual o cantor com o Álbum mais vendido do mundo ? Michael Jackson
80%
Quem criou a Teoria da Relatividade? Einstein
76%
Qual o lugar mais profundo do oceano? Fossa das Marianas
60%
Em que período da pré-história o fogo foi descoberto? Paleolítico
60%
Qual é o maior tubarão do mundo? Tubarão Baleia
54%
Qual é a capital de Roraima? Boa Vista
49%
O que tem no meio da vara do Harry Potter? Pena de Fénix
26%
Em que cidade está localizado o Taj Mahal? Agra
24%
Nenhum quiz correspondente encontrado
Distribuição das Pontuações
Porcentagem de Pessoas com Cada Pontuação
Percentil de Números Respondidos
Sua Pontuação Histórica
Você não jogou esse quiz